Arte, educación y diversidad cultural.

Uloženo v:
Podrobná bibliografie
Hlavní autor: Graeme Chalmers, F. (autor)
Médium: Kniha
Jazyk:španělština
Edice:(Biblioteca para la actualización del maestro)
Témata:
Tagy: Přidat tag
Žádné tagy, Buďte první, kdo vytvoří štítek k tomuto záznamu!

MARC

LEADER 00000nam^a2200000^u^4500
001 000503092
005 20250521000000.0
008 080707s1000^^^^^^^^^^^^r^^^^^000^0^spa^d
009 20260526151126.66
022 |a 9680101541 
035 |a FCE 000047294 
037 |a Acervo ITESO - Biblioteca 
041 |a spa 
082 0 4 |a 372.87  |b GRAa 
100 |a Graeme Chalmers, F.  |e (autor) 
245 1 0 |a Arte, educación y diversidad cultural. 
264 |a México:  |b SEP: Paidos,  |c 2003. 
300 |a 164 p. 
336 |a texto  |b txt  |2 rdacontenido 
337 |a sin mediación  |b n  |2 rdamedio 
338 |a volumen  |b nc  |2 rdasoporte 
440 1 |a (Biblioteca para la actualización del maestro) 
649 |a XX 
650 |a Educación artística 
650 |a Currículo 
650 |a Educación multicultural 
650 |a Diversidad sociocultural 
910 |a Fondo Centro de Estudios Educativos 
920 |a Impresos - Libros 
930 |a Fondos Especiales 
905 |a 133 
901 |a ALE063415  |b IT2  |c CEE  |u 20250521 
902 |a https://opac.biblio.iteso.mx/vufind/Record/000503092